Der zweitgrößte Ort in jedem schleswig-holsteinischen Kreis - Statistiken

Allgemein
  • Dieses Quiz wurde 33 mal gespielt
  • Das Durchschnittsergebnis liegt bei 6 aus 11
Antwortstatistiken
Kreis Ort % Korrekt
Rendsburg-Eckernförde Eckernförde
93%
Pinneberg Pinneberg
85%
Ostholstein Eutin
67%
Dithmarschen Brunsbüttel
63%
Herzogtum Lauenburg Mölln
63%
Nordfriesland Sylt
59%
Segeberg Henstedt-Ulzburg
41%
Steinburg Glückstadt
37%
Stormarn Reinbek
37%
Plön Schwentinental
30%
Schleswig-Flensburg Harrislee
26%
Keine übereinstimmenden Quizze gefunden
Verteilung der Resultate
Anzahl Personen mit jedem Resultat
Perzentil nach korrekt beantworteten Fragen
Ihre Resultats-Entwicklung
Sie haben dieses Quiz noch nicht gespielt